| 000 | 01180nam a22002777a 4500 | ||
|---|---|---|---|
| 005 | 20080918144619.0 | ||
| 008 | 080918t xxu||||| |||| 00| j hin d | ||
| 010 | _aHIN-84136 | ||
| 020 |
_a8190183664 _c150.00 |
||
| 035 | _aHN-56482 | ||
| 037 | _bDBAD / PUB | ||
| 040 |
_aDPL _bHN |
||
| 082 | _aक | ||
| 100 | _aसोनी, वेदप्रकाश | ||
| 245 |
_aअमर पौराणिक कहानियाँ / _cवेदप्रकाश सोनी |
||
| 246 |
_aAmara pauranika kahaniyan _bby Ved Prakash Soni |
||
| 260 |
_aनई दिल्ली _bएकता प्रकाशन _c2007 |
||
| 270 |
_aA-2 /174, Safdarjung Enclave _bNew Delhi _e110029 |
||
| 300 |
_a120पृ. _c22सेमी(सजिल्द) |
||
| 650 | _2लघुकथाएँ, हिन्दी | ||
| 650 | _2Short stories, Hindi | ||
| 650 | _2हिन्दू पौराणिक कथाएँ | ||
| 650 | _2Hindu mythology | ||
| 942 |
_2ddc _cHN _hक _mसोनीवे |
||
| 999 |
_c15512 _d15512 |
||